The Indian mother goddess / (Record no. 276)
[ view plain ]
| 000 -LEADER | |
|---|---|
| fixed length control field | 00513cam a2200193 a 4500 |
| 001 - CONTROL NUMBER | |
| control field | 11973018 |
| 005 - DATE AND TIME OF LATEST TRANSACTION | |
| control field | 20240202021945.0 |
| 008 - FIXED-LENGTH DATA ELEMENTS--GENERAL INFORMATION | |
| fixed length control field | 000118s1999 ii b 001 0 eng |
| 020 ## - INTERNATIONAL STANDARD BOOK NUMBER | |
| ISBN | 8173043248 |
| 040 ## - CATALOGING SOURCE (பட்டியலாக்க மூலம்) | |
| Original cataloging agency | DLC |
| Transcribing agency | DLC |
| Modifying agency | DLC |
| 082 00 - DDC Classification | |
| Class No. | 306. |
| DDC Edition Number | 21 |
| 100 1# - MAIN ENTRY--PERSONAL NAME | |
| Personal name | Bhattacharyya, N. N. |
| 245 14 - TITLE STATEMENT | |
| Title | The Indian mother goddess / |
| Statement of responsibility, etc. | N.N. Bhattacharyya. |
| 250 ## - EDITION STATEMENT | |
| Edition statement | 3rd ed. |
| 260 ## - PUBLICATION, DISTRIBUTION, ETC. | |
| Place of publication, distribution, etc. | New Delhi : |
| Name of publisher, distributor, etc. | Manohar Publishers & Distributors, |
| Date of publication, distribution, etc. | 1999. |
| 300 ## - PHYSICAL DESCRIPTION | |
| Extent (e.g. Volumes, Pages etc.) | xv, 319 p. ; |
| 650 #0 - SUBJECT ADDED ENTRY--TOPICAL TERM | |
| Topical term or geographic name entry element | Mother goddesses |
| 942 ## - Koha item type (Biblio) | |
| Koha item type | Books in Stacks (Lending) |
| Lost status | Damaged status | Collection code | Home library | Current library | Date acquired | Full call number | Accession Number | Item type |
|---|---|---|---|---|---|---|---|---|
| Lending | WERC Library | WERC Library | 02/02/2024 | 306. | 1434 | Books in Stacks (Lending) |
